000
00346nam a22001577a 4500
020
_a
9812-53-050-9
041
_a
ENG
100
_a
Truett.L.J
245
_a
Managerial Economics
250
_a
Eighth Edition
260
_a
Kundli
_b
John Wiley & Sone
_c
2004
300
_a
742
650
_a
M.Tech
700
_a
Truett.D.B
856
_u
M.Tech ( 7 )
999
_c
1056
_d
1056